|
|
|
|
| LEADER |
00000nam a2200000Ii 4500 |
| 001 |
DIGEDUNAV0365 |
| 003 |
NyNyDIG |
| 006 |
m o d |
| 007 |
cr ||||||||||| |
| 008 |
220605s2016 sp a o 000 0 spa d |
| 035 |
|
|
|a (OCoLC)1333702058
|
| 040 |
|
|
|a DGITA
|b eng
|e rda
|e pn
|c DGITA
|
| 020 |
|
|
|z 9788431331504
|
| 050 |
1 |
4 |
|a BX1795.H82 ebook
|
| 245 |
0 |
0 |
|a Cuidar la creación :
|b estudios sobre la encíclica Laudato si' /
|c Tomás Trigo (ed.)
|
| 264 |
|
1 |
|a Pamplona, España :
|b EUNSA, Ediciones Universidad de Navarra,
|c [2016]
|
| 300 |
|
|
|a 1 online resource :
|b illustrations.
|
| 336 |
|
|
|a text
|b txt
|2 rdacontent
|
| 337 |
|
|
|a computer
|b c
|2 rdamedia
|
| 338 |
|
|
|a online resource
|b cr
|2 rdacarrier
|
| 347 |
|
|
|a text file
|2 rdaft
|
| 347 |
|
|
|b PDF
|
| 490 |
1 |
|
|a Astrolabio. Serie Religión
|
| 588 |
0 |
|
|a Online resource; title from PDF title page (Digitalia, viewed June 5, 2022)
|
| 610 |
2 |
0 |
|a Catholic Church.
|b Pope (2013- : Francis).
|t Laudato si'.
|
| 610 |
2 |
0 |
|a Catholic Church
|x Doctrines.
|
| 610 |
2 |
0 |
|a Catholic Church.
|
| 655 |
|
0 |
|a Electronic books.
|
| 700 |
1 |
|
|a Trigo, Tomás,
|e editor.
|
| 791 |
2 |
|
|a Digitalia (Firm),
|e distributor.
|
| 793 |
0 |
|
|g Digitalia eBook Collection:
|a Ediciones Universidad de Navarra
|
| 776 |
0 |
8 |
|i Print version:
|t Cuidar la creación.
|d Pamplona, España : EUNSA, Ediciones Universidad de Navarra, [2016]
|z 9788431331504
|
| 830 |
|
0 |
|a Religión (Pamplona, Spain)
|
| 856 |
4 |
0 |
|3 Digitalia Hispánica
|u https://www.digitaliapublishing.com/a/51435/
|
| 910 |
|
|
|a Premium collection: 2022
|